000 00827nam a22001575i 4500
001 171290
003 ES-MaACL
005 20230906214605.0
008 090508s1860 sp |||| | spa d
100 1 _aChas de Lamotte, Benito.
_938146
245 1 3 _aLa torre de Londres
_b: drama en cuatro actos y un prólogo /
_carreglado del francés por Benito Chas de Lamotte.
260 _aMadrid :
_b[Alonso Gullon],
_c1860 (
_fImp. de José Rodríguez)
300 _a72 p. ;
_c18 cm.
500 _aEn port.: Estrenado con general aplauso en el teatro del Circo de esta corte el dia 23 de abril de 1860.
852 _aES-MaACL
_jF-8599(4)
_z.- Enc. pasta española
_q.- Falto de la cub. original
_z.- Enc. en un vol. facticio formando parte de la col. facticia "Teatro español moderno", vol. 52
_z.- Firma ms. de Gustavo Saenz Diez, 1876
999 _c171290
_d171290